000 00954nam a2200265Ia 4500
003 OSt
005 20221005110657.0
006 a|||||r|||| 00| 0
007 ta
008 221004b |||||||| |||| 00| 0 hin d
020 _a9788126724284 (hbk)
_c350
024 _a20573
037 _bBR8455, 23/03/2015, Rajkamal Prakashan Pvt. Ltd.
_cTextual
040 _aCRL
_cCRL
_bhin
041 _2hin
_ahin
082 _aO152,8N50x, Q3
100 _aनागर, विष्णु
245 0 _aईश्वर भी परेशान है
246 _aĪshvar bhī pareshān hai
260 _aनई दिल्ली
_bराजकमल प्रकाशन भारत
_c2013
300 _a215पृ0
_ccm.
650 _aहिन्दी साहित्य
942 _hO152,8N50x, Q3
_cTEXL
_2cc
999 _c1019560
_d1019560